00496nam a2200169Ia 4500003000900000008004100009020001800050040001600068080001500084100001800099245006100117260003500178300001700213490005100230650001900281650002600300IN-BaIIA211028s9999 xx 000 0 eng d a0-12-552550-8 cIIA Library a517.3bPES aPesin, Ivan N 0aClassical and modern integration theoriescIvan N. Pesin aNew YorkbAcademic Pressc1970 axviii, 195p. aProbability and Mathematical Statistics Series aNASA Thesaurus aTheory of integration